00460nam a2200121 a 450000500170000000800410001704100080005804400070006610000200007324501930009326000410028630000110032720140221160205.0140221b1993 sp ||||| |||| 00| 0 spa d aspa asp aFerruzzi, Carlo aManual de lombriculturabla lombriz rojo, las lombrices silvestres o comunes, la lombriz domestica criadero familiar, criadero industrial, organización, alimentación comercialización aMadridbEdiciones Mundi-prensac1987 a138 p.